<?xml version="1.0" encoding="UTF-8"?>
<record
    xmlns:xsi="http://www.w3.org/2001/XMLSchema-instance"
    xsi:schemaLocation="http://www.loc.gov/MARC21/slim http://www.loc.gov/standards/marcxml/schema/MARC21slim.xsd"
    xmlns="http://www.loc.gov/MARC21/slim">

  <leader>00920nam a22002057a 4500</leader>
  <controlfield tag="003">OSt</controlfield>
  <controlfield tag="005">20181023074012.0</controlfield>
  <controlfield tag="008">180226b        xxu||||| |||| 00| 0 spa d</controlfield>
  <datafield tag="040" ind1=" " ind2=" ">
    <subfield code="c">PJ</subfield>
  </datafield>
  <datafield tag="100" ind1=" " ind2=" ">
    <subfield code="9">2047</subfield>
    <subfield code="a">Podetti, J. Ramiro</subfield>
  </datafield>
  <datafield tag="245" ind1="1" ind2="0">
    <subfield code="a">Teor&#xED;a y t&#xE9;cnica del proceso civil /</subfield>
    <subfield code="c">J. Ramiro Podetti.</subfield>
  </datafield>
  <datafield tag="260" ind1=" " ind2=" ">
    <subfield code="a">Buenos Aires :</subfield>
    <subfield code="b">Ediar,</subfield>
    <subfield code="c">1963.</subfield>
  </datafield>
  <datafield tag="300" ind1=" " ind2=" ">
    <subfield code="a">421 p. </subfield>
    <subfield code="c">23 cm.</subfield>
  </datafield>
  <datafield tag="505" ind1=" " ind2=" ">
    <subfield code="a">Contenido:
El proceso civil -- El proceso civil en el derecho espa&#xF1;ol antiguo -- El proceso civil moderno -- Nociones generales -- Principios procesales -- &#xD3;rganos del proceso -- Elementos del proceso -- Desarrollo procesal -- T&#xE9;cnica del proceso civil -- Trilog&#xED;a estructural de la ciencia del proceso civil.</subfield>
  </datafield>
  <datafield tag="650" ind1=" " ind2="0">
    <subfield code="9">1148</subfield>
    <subfield code="a">DERECHO PROCESAL CIVIL</subfield>
  </datafield>
  <datafield tag="650" ind1=" " ind2="0">
    <subfield code="9">1953</subfield>
    <subfield code="a">PROCEDIMIENTO CIVIL</subfield>
  </datafield>
  <datafield tag="650" ind1=" " ind2="0">
    <subfield code="9">2401</subfield>
    <subfield code="a">PROCESO JUDICIAL</subfield>
  </datafield>
  <datafield tag="650" ind1=" " ind2="0">
    <subfield code="9">2120</subfield>
    <subfield code="a">PRINCIPIOS PROCESALES</subfield>
  </datafield>
  <datafield tag="942" ind1=" " ind2=" ">
    <subfield code="2">udc</subfield>
    <subfield code="c">LIB</subfield>
    <subfield code="h">347.91/.95</subfield>
    <subfield code="i">POD</subfield>
  </datafield>
  <datafield tag="999" ind1=" " ind2=" ">
    <subfield code="c">1702</subfield>
    <subfield code="d">1702</subfield>
  </datafield>
  <datafield tag="952" ind1=" " ind2=" ">
    <subfield code="0">0</subfield>
    <subfield code="1">0</subfield>
    <subfield code="2">udc</subfield>
    <subfield code="4">0</subfield>
    <subfield code="7">0</subfield>
    <subfield code="a">DJS</subfield>
    <subfield code="b">DJS</subfield>
    <subfield code="d">2018-10-23</subfield>
    <subfield code="o">347.91/.95 POD</subfield>
    <subfield code="p">0386</subfield>
    <subfield code="r">2018-10-23</subfield>
    <subfield code="w">2018-10-23</subfield>
    <subfield code="y">LIB</subfield>
  </datafield>
  <datafield tag="952" ind1=" " ind2=" ">
    <subfield code="0">0</subfield>
    <subfield code="1">0</subfield>
    <subfield code="2">udc</subfield>
    <subfield code="4">0</subfield>
    <subfield code="7">0</subfield>
    <subfield code="a">DJN</subfield>
    <subfield code="b">DJN</subfield>
    <subfield code="d">2018-10-23</subfield>
    <subfield code="o">347.91/.95 POD</subfield>
    <subfield code="p">RG 1957</subfield>
    <subfield code="r">2024-12-02</subfield>
    <subfield code="w">2018-10-23</subfield>
    <subfield code="y">LIB</subfield>
  </datafield>
</record>
